Library of the University of Algiers 3
Ibrahim Sultan Cheibout
شعار جامعة الجزائر 3
مكتبة جامعة الجزائر 3
إبراهيم سلطان شيبوط

مبادىء القانون : (رقم التسجيلة. 46007)

تفاصيل مارك
000 -LEADER
fixed length control field 01283nam a2200205Ia 4500
003 - CONTROL NUMBER IDENTIFIER
control field Ost
005 - DATE AND TIME OF LATEST TRANSACTION
control field 20260507075728.0
008 - FIXED-LENGTH DATA ELEMENTS--GENERAL INFORMATION
fixed length control field 260507s9999||||xx |||||||||||||| ||und||
040 ## - CATALOGING SOURCE
Transcribing agency fsecg
041 ## - LANGUAGE CODE
Language code of text/sound track or separate title ara
082 ## - DEWEY DECIMAL CLASSIFICATION NUMBER
Classification number 340
100 ## - MAIN ENTRY--PERSONAL NAME
Personal name قاسم، محمد حسن
Relator term مؤلف
245 #0 - TITLE STATEMENT
Title مبادىء القانون :
Remainder of title المدخل الى القانون - الالتزامات /
Statement of responsibility, etc. محمد حسن قاسم
260 ## - PUBLICATION, DISTRIBUTION, ETC.
Place of publication, distribution, etc. الاسكندرية:
Name of publisher, distributor, etc. دار الجامعة الجديدة,
Date of publication, distribution, etc. 2003
300 ## - PHYSICAL DESCRIPTION
Extent 488 صفحة؛
Dimensions 24 سم
490 ## - SERIES STATEMENT
Series statement المكتبة القانونية
520 ## - SUMMARY, ETC.
Summary, etc. القانون هو أداة المجتمع فى تحديد النطاق المشروع لتصرفات و علاقات و معاملات أفراده . و قسمت هذه الدراسة إلى جزئين : 1- المدخل إلى القانون . في القاعدة القانونية ، في الحق 2- الإلتزامات. العقد ، الارادة المنفردة ، العمل غير المشروع المسؤولية التقصسرية ، الاثراء بلا سبب أحكام الالتزام أثار الالتزام ،أوصاف الالتزام إنتقال الالتزام انقضاء الالتزام
653 ## - INDEX TERM--UNCONTROLLED
Uncontrolled term القانون
942 ## - ADDED ENTRY ELEMENTS (KOHA)
Koha item type كتب
المقتنيات
Withdrawn status Lost status Source of classification or shelving scheme Damaged status Not for loan Home library Current library Date acquired Serial enumeration / chronology Inventory number Total checkouts Full call number Barcode Date last seen Price effective from Koha item type
    Library of Congress Classification   NOT LOAN / إعارة داخلية مكتبة كلية العلوم الإقتصادية والعلوم التجارية وعلوم التسيير مكتبة كلية العلوم الإقتصادية والعلوم التجارية وعلوم التسيير 07/05/2026 الطابق الأرضي 1150/1   أ/1150ن1 1150/1 07/05/2026 07/05/2026 كتب
    Dewey Decimal Classification   Available مكتبة كلية العلوم الإقتصادية والعلوم التجارية وعلوم التسيير مكتبة كلية العلوم الإقتصادية والعلوم التجارية وعلوم التسيير 07/05/2026 الطابق الأرضي 1150/2   أ/1150ن2 1150/2 07/05/2026 07/05/2026 كتب
    Dewey Decimal Classification   Available مكتبة كلية العلوم الإقتصادية والعلوم التجارية وعلوم التسيير مكتبة كلية العلوم الإقتصادية والعلوم التجارية وعلوم التسيير 07/05/2026 الطابق الأرضي 1150/3   أ/1150ن3 1150/3 07/05/2026 07/05/2026 كتب
    Dewey Decimal Classification   Available مكتبة كلية العلوم الإقتصادية والعلوم التجارية وعلوم التسيير مكتبة كلية العلوم الإقتصادية والعلوم التجارية وعلوم التسيير 07/05/2026 الطابق الثاني 1150/4   أ/1150ن4 1150/4 07/05/2026 07/05/2026 كتب
    Dewey Decimal Classification   Available مكتبة كلية العلوم الإقتصادية والعلوم التجارية وعلوم التسيير مكتبة كلية العلوم الإقتصادية والعلوم التجارية وعلوم التسيير 07/05/2026 الطابق الثاني 1150/5   أ/1150ن5 1150/5 07/05/2026 07/05/2026 كتب

موارد الويب المفتوحة


© University of Algiers 3 All Rights Reserved
|
Implemented by LECHELAH Riad